000 00543nam a2200193 4500
001 6444
020 _z9780462099569
100 1 _aYeung, Rob.
245 1 0 _aJob hunting for rookies /
_cRob Yeung.
260 _aLondon :
_bMarshall Cavendish Business,
_c2009.
300 _a176 p, 24 cm.
_bill.
490 1 _aFor rookies
500 _a""From rookie to expert in a week""--Cover.
500 _aAuthor's name from back cover.
500 _aIncludes index.
650 0 _aCareer development.
650 0 _aJob hunting.
830 0 _a--For rookies.
999 _c5432
_d5432